| 000 | 00584cam a2200229 4500 | ||
|---|---|---|---|
| 008 | 000000n2001 000 0 eng u | ||
| 020 | _a0860178722 | ||
| 035 | _a(Sirsi) u112027 | ||
| 050 | _a628.3 | ||
| 100 | _aDee, T. | ||
| 100 | _aSivil, D. | ||
| 245 | _aSelecting package wastewater treatment works | ||
| 260 |
_aLondon _bCIRIA _c2001 |
||
| 300 | _a112p. ; 30cm. | ||
| 490 |
_aCIRIA Project Report _v72 |
||
| 650 | _aSEWAGE | ||
| 650 | _aWASTE WATER | ||
| 650 | _aPOLLUTION | ||
| 650 | _aSEPTIC TANKS | ||
| 690 | _aENVIRONMENTAL AND LAND CONSULTANCY | ||
| 942 | _n0 | ||
| 999 |
_c101344 _d101344 |
||